000 00410nam a2200181Ia 4500
001 8918
003 GE_BSU
008 181216s||||||||xx |||||||||||||| ||und||
020 _a9770013061220
040 _cGE_BSU
245 4 _aThe Economist, february 22ND-28th 2014
245 _bNumber 8875.Volume 410
260 _aParis
260 _c2014
300 _a78p.27cm.
653 _aThe Economist
942 _cCR
999 _c42223
_d42223